=LDR 00000nam 2200000 4500 =001 INLIS000000000040991 =990 ##$$a 21109540/pb/2011 =005 20130612150538 =990 ##$$a 21400613/BPAP-NTB/20142014 =008 ***********************************ind** =035 ##$$a0010-061300000040991 =041 ##$$a ind =082 ##$$a 641.5 =090 ##$$a 641.5, Che s =100 ##$$a CHENDHAINATI =245 ##$$a Seri resep andalan ny. lien, Lapis legit, Chendhawati;Editor,Intarina hardiman =260 ##$$a 2007 $b Jakarta =300 ##$$a 64 Hlm, Ilus, 21 cm =650 ##$$a LAPIS LEGIT, Resep =700 ##$$a HARDIMAN, Intarina =850 ##$$a NBPNMAT =990 ##$$a 21400613/BPAP-NTB/20142014 =990 ##$$a 4439044390